01165nam a2200241 i 4500001000300000245015500003246010100158260009900259300002800358490002500386500024300411504003400654650003000688655002900718700002800747700002400775830002500799020001500824040000800839041001100847080002400858008004100882bg00aPrognozowanie rynków finansowych :bkursy walutowe, stopy procentowe, zarządzanie aktywami /cpod red. Christiana L. Dunisa ; przeł. Paweł Kawa. iTyt. oryg.:aForecasting financial markets : exchange rates, interest rates and asset management aKraków :bOficyna Ekonomiczna. Oddział Polskich Wydawnictw Profesjonalnych :b"ABC",c2001. a344 s. :bil. ;c25 cm.1 aFinanse i Inwestycje aTyt. oryg.: "Forecasting financial markets : exchange rates, interest rates and asset management" 1996. - Zbiór referatów z konferencji org. przez Chemical Bank's Quantitative Research & Trading Group oraz Imperial College w Londynie. aBibliogr. przy ref. - Indeks. 9aRynek finansowyxprognozy aMateriały konferencyjne1 aDUNIS, Christian.eRed.1 aKawa, Paweł.eTł. aFinanse i Inwestycje a8388597159 cBPK1 aplhen a336.74:336.76](061) s pl f |000 0 pol